000 00453ntaaa2200169 4500
003 01
005 20251027201315.0
008 0714s1973 ag 01
040 _aAR-BaBN
_bspa
_cAR-BaBN
_eaacr
_dRIC
082 _a222.1000 Ch36
100 _aChaplin, A. M. de
_911280
245 _aEn el principio
250 _a1 ed. :
_bJunta de Publicaciones de la Convención Evangélica Bautista,
_c1950
300 _a133 p.
650 _aCreación
_91821
942 _cBK
999 _c7502
_d7502